00434nam a2200181Ia 4500003000400000005001700004008004100021020001800062040000700080041001200087082001900099100001500118245002000133260004800153365001300201650001800214650002000232OSt20250926171019.0210423s2005 xx 000 0 und d a9788180692123 cAL aEnglish a305.231 bPANK aPankajam G aKnow your child aNew DelhibConcept publishing companyc2005 b450cINR aSocial Groups aSocial Sciences